| 000 | 01220cam a2200349 a 4500 | ||
|---|---|---|---|
| 001 | 12211934 | ||
| 003 | NUST | ||
| 005 | 20220228123847.0 | ||
| 008 | 001026s2001 enkb b 001 0 eng | ||
| 010 | _a 00012003 | ||
| 020 | _a0745312691 (pbk.) | ||
| 020 | _a0745312748 (hbk.) | ||
| 038 | _awaseem | ||
| 040 |
_aDLC _cDLC _dDLC |
||
| 043 | _aa-af--- | ||
| 050 | 0 | 0 |
_aDS371.2 _b.G74 2001 |
| 082 | 0 | 0 |
_a958.1046 _bGRI |
| 100 | 1 |
_aGriffin, Michael, _d1951- _989799 |
|
| 245 | 1 | 0 |
_aReaping the whirlwind : _bthe Taliban movement in Afghanistan / _cMichael Griffin. |
| 260 |
_aLondon ; _aSterling, Va. : _bPluto Press, _c2001. |
||
| 300 |
_axxi, 283 p. : _bmap ; _c22 cm. |
||
| 504 | _aIncludes bibliographical references (p. 258-277) and index. | ||
| 563 | _aHBK. | ||
| 610 | 2 | 0 |
_aTaliban. _989800 |
| 650 | 0 |
_aIslamic fundamentalism _zAfghanistan. _989801 |
|
| 650 | 0 |
_aIslam and state _zAfghanistan. _989802 |
|
| 650 | 0 |
_aIslam and politics _zAfghanistan. _989803 |
|
| 651 | 0 |
_aAfghanistan _xHistory _y1989- _989804 |
|
| 906 |
_a7 _bcbc _corignew _d1 _eecip _f20 _gy-gencatlg |
||
| 942 |
_2ddc _cBK |
||
| 999 |
_c588347 _d588347 |
||